| 000 | 00725nam a2200181Ia 4500 | ||
|---|---|---|---|
| 008 | 100920s9999 xx 000 0 und d | ||
| 082 |
_b5984 _a150 थ 56 |
||
| 100 | _aटोळे माणिक गणेश. | ||
| 245 | _aआइनस्टाइनचा मयॉदित - सापेक्षतावाद. | ||
| 260 |
_bटोळे.मा.ग.सोलापूर. _c1956 |
||
| 300 |
_a133 _bसाधी |
||
| 365 | _b5 | ||
| 520 | _aशाउ. | ||
| 630 | _aआइनस्टाइनचा मयॉदित - सापेक्षतावाद. | ||
| 650 | _aशाउ. | ||
| 730 | _aआइनस्टाइनचा मयॉदित - सापेक्षतावाद. | ||
| 942 | _cBOOK | ||
| 999 |
_c674658 _d674655 |
||